| 000 | 01520cam a22003371i 4500 | ||
|---|---|---|---|
| 003 | SA-RiAUC | ||
| 005 | 20260204141406.0 | ||
| 008 | 260203q19001900xx g b 000 0 ara c | ||
| 040 |
_aSA-JeALM _bara _cSA-RiAUC _erda |
||
| 041 | 1 |
_aara _hhun |
|
| 043 | _aa-uz--- | ||
| 050 | 4 | _b.V36125 1850 | |
| 082 | 0 | 4 |
_a958.7 _qSA-RiAUC |
| 090 |
_a958.7 _bف ا م |
||
| 100 | 1 |
_aفامبري، أرمنيوس، _d1832-1913 _eمؤلف. |
|
| 240 | 1 | 0 |
_aBokhara története. _lArabic |
| 245 | 1 | 0 |
_aتاريخ بخارى منذ أقدم العصور حتى العصر الحاضر / _cتأليف أرمنيوس فامبري ؛ ترجمه وعلق عليه أحمد محمود الساداتي ؛ راجعه وقدم له يحيى الخشاب. |
| 264 | 3 |
_a[مكان الطبع غير محدد] : _bمطابع شركة الإعلانات الشرقية _c[بين 1900 و1999] |
|
| 300 |
_a499 صفحة ؛ _c24 سم. |
||
| 336 |
_aنص _btxt _2rdacontent _3كتاب |
||
| 337 |
_aبدون وسيط _bn _2rdamedia |
||
| 338 |
_aمجلد _bnc _2rdacarrier |
||
| 504 | _aيشتمل على إرجاعات ببليوجرافية. | ||
| 651 | 7 |
_aبخارى (أوزبكستان) _xتاريخ _2aucsh |
|
| 653 | _aالتاريخ | ||
| 700 | 1 |
_aالساداتي، أحمد محمود _eمترجم. |
|
| 700 | 1 |
_aالخشاب، يحيى، _dولد 1909 _eمراجع. |
|
| 700 | 1 | 2 |
_iترجمة لـ : _aفامبري، أرمين، _d1832-1913. _tBokhara története |
| 942 |
_2ddc _cBOOK _n0 |
||
| 949 |
_aSA-JeALM _d260203 _uosman123 _n1 |
||
| 999 |
_c14241 _d14241 |
||